| 000 | 00528nam a22001817a 4500 | ||
|---|---|---|---|
| 999 |
_c525147 _d525147 |
||
| 003 | NUST | ||
| 005 | 20190628071450.0 | ||
| 008 | 190628b ||||| |||| 00| 0 eng d | ||
| 038 | _aMr.Atta | ||
| 082 | _a621 | ||
| 100 |
_aZohaib Najam _915905 |
||
| 245 |
_aMemory Aware DVFS framework for SPARC based LEON3 Processor / _cZohaib Najam |
||
| 260 |
_aIslamabad : _bCEME NUST, _c2016. |
||
| 300 |
_aill : ix, 39 p. ; _c30cm. |
||
| 500 | _aHardcover. | ||
| 600 |
_aMechatronics Engineering -Ms- Thesis _915674 |
||
| 942 |
_2ddc _cTHE |
||